000 00485nam a2200145 a 4500
008 120416s1994 ||||||||||||||||| || u
020 _a1858050855
050 _aHF 5548 Luc
100 _aLucey, Terry
245 1 0 _aBusiness administration
260 _aLondon
_bDP Publications
_c1994
300 _aiv, 356p. : ill.
350 _a0.00
995 _D0.00
_FCBU-MAIN LIBRARY (Kitwe)
_H1
_I3.00
_M1
_UDAMAGED
_ZMain Library Open Access Collection
999 _c36382
_d36382